Statistics for Somewhat Easy Logic Puzzle #3 (SRP)

Click here to take the quiz!

General Stats

  • This quiz has been taken 43 times
  • The average score is 6 of 10

Answer Stats

QuestionAnswer% Correct
By what question have all possible answers been used at least once?D. 9
88%
Consider all the questions whose answers are A. What is the sum of their numbers (this question's number is 4, for instance)?A. 11
84%
What is the last question whose answer is A?A. 7
81%
What is the first question whose answer is A?D. 4
75%
What is the most common answer?D. D
69%
What is the last question that shares an answer with this question?D. 8
63%
What is the answer to this question?B. B
50%
Which letter is only used as an answer once?C. C
50%
What is the longest streak of consecutive questions where D is not one of the answers?D. 2
50%
How many questions share an answer with this question?B. 1
38%

Score Distribution

Percentile by Number Answered

Percent of People with Each Score

Your Score History

You have not taken this quiz